Usaha memartabatkan tekstil (Record no. 86687)
[ view plain ]
| 000 -LEADER | |
|---|---|
| fixed length control field | 00759nam a2200265 i 4500 |
| 001 - CONTROL NUMBER | |
| control field | C2-0280118 |
| 003 - CONTROL NUMBER IDENTIFIER | |
| control field | PPAK |
| 005 - DATE AND TIME OF LATEST TRANSACTION | |
| control field | 20180728011142.0 |
| 008 - FIXED-LENGTH DATA ELEMENTS--GENERAL INFORMATION | |
| fixed length control field | 070617s2007 my a|||| ||||| | may d |
| 020 ## - INTERNATIONAL STANDARD BOOK NUMBER | |
| International Standard Book Number | 9789830235288 |
| 040 ## - CATALOGING SOURCE | |
| Original cataloging agency | PPAK |
| Language of cataloging | eng |
| Transcribing agency | PPAK |
| Description conventions | rda |
| 082 04 - DEWEY DECIMAL CLASSIFICATION NUMBER | |
| Classification number | 499.2386 |
| Edition number | 23 |
| 090 00 - LOCALLY ASSIGNED LC-TYPE CALL NUMBER (OCLC); LOCAL CALL NUMBER (RLIN) | |
| Classification number (OCLC) (R) ; Classification number, CALL (RLIN) (NR) | 499.2386 |
| Feature heading | USA |
| Feature heading | K |
| 245 00 - TITLE STATEMENT | |
| Title | Usaha memartabatkan tekstil |
| 264 #1 - PRODUCTION, PUBLICATION, DISTRIBUTION, MANUFACTURE, AND COPYRIGHT NOTICE | |
| Place of production, publication, distribution, manufacture | Selangor : |
| Name of producer, publisher, distributor, manufacturer | Pustaka Cita Tinggi , |
| Date of production, publication, distribution, manufacture, or copyright notice | 2007 |
| 300 ## - PHYSICAL DESCRIPTION | |
| Extent | 52 pages : |
| Other physical details | illustrations ; |
| Dimensions | 21 cm |
| 336 ## - CONTENT TYPE | |
| Source | rdacontent |
| Content type term | text |
| 337 ## - MEDIA TYPE | |
| Source | rdamedia |
| Media type term | unmediated |
| 338 ## - CARRIER TYPE | |
| Source | rdacarrier |
| Carrier type term | volume |
| 490 1# - SERIES STATEMENT | |
| Series statement | Aspirasi kepimpinan baharu |
| 650 10 - SUBJECT ADDED ENTRY--TOPICAL TERM | |
| Topical term or geographic name entry element | Bahasa Malaysia - Readers. |
| 700 0# - ADDED ENTRY--PERSONAL NAME | |
| Personal name | Aziela Hanafee, |
| Relator term | compile |
| 830 #0 - SERIES ADDED ENTRY--UNIFORM TITLE | |
| Uniform title | Aspirasi kepimpinan baharu |
| 942 ## - ADDED ENTRY ELEMENTS (KOHA) | |
| -- | dc |
| Koha item type | Book |
| Withdrawn | Not for loan | Current library | Shelving location | Date acquired | Full call number | Barcode | Date last seen | Koha item type |
|---|---|---|---|---|---|---|---|---|
| Perpustakaan Alor Setar | Pinjaman Kanak-kanak | 18/06/2007 | K 499.2386 USA | A01180559 | 09/05/2018 | Book | ||
| Perpustakaan Alor Setar | Pinjaman Kanak-kanak | 01/04/2009 | K 499.2386 USA | A01290076 | 09/05/2018 | Book | ||
| Perpustakaan Awam Sungai Petani | Pinjaman Kanak-kanak | 18/06/2007 | K 499.2386 USA | A01180560 | 09/05/2018 | Book | ||
| Perpustakaan Awam Sungai Petani | Pinjaman Kanak-kanak | 01/04/2009 | K 499.2386 USA | A01290077 | 09/05/2018 | Book | ||
| Perpustakaan Baling | Pinjaman Kanak-kanak | 18/06/2007 | K 499.2386 USA | A01180566 | 09/05/2018 | Book | ||
| Perpustakaan Baling | Pinjaman Kanak-kanak | 18/06/2007 | K 499.2386 USA | A01180569 | 09/05/2018 | Book | ||
| Perpustakaan Bandar Baharu | Pinjaman Kanak-kanak | 01/04/2009 | K 499.2386 USA | A01290084 | 09/05/2018 | Book | ||
| Perpustakaan Jitra | Pinjaman Kanak-kanak | 18/06/2007 | K 499.2386 USA | A01180561 | 09/05/2018 | Book | ||
| Perpustakaan Jitra | Pinjaman Kanak-kanak | 01/04/2009 | K 499.2386 USA | A01290078 | 09/05/2018 | Book | ||
| Perpustakaan Kuala Nerang | Pinjaman Kanak-kanak | 01/04/2009 | K 499.2386 USA | A01290085 | 09/05/2018 | Book | ||
| Perpustakaan Kulim | Pinjaman Kanak-kanak | 18/06/2007 | K 499.2386 USA | A01180563 | 09/05/2018 | Book | ||
| Perpustakaan Kulim | Pinjaman Kanak-kanak | 01/04/2009 | K 499.2386 USA | A01290080 | 09/05/2018 | Book | ||
| Perpustakaan Langkawi | Pinjaman Kanak-kanak | 18/06/2007 | K 499.2386 USA | A01180562 | 09/05/2018 | Book | ||
| Perpustakaan Langkawi | Pinjaman Kanak-kanak | 01/04/2009 | K 499.2386 USA | A01290079 | 09/05/2018 | Book | ||
| Perpustakaan Merbok | Pinjaman Kanak-kanak | 01/04/2009 | K 499.2386 USA | A01290083 | 09/05/2018 | Book | ||
| Perpustakaan Merbok | Pinjaman Kanak-kanak | 01/04/2009 | K 499.2386 USA | A01290087 | 09/05/2018 | Book | ||
| Perpustakaan Pendang | Pinjaman Kanak-kanak | 01/04/2009 | K 499.2386 USA | A01290088 | 09/05/2018 | Book | ||
| Perpustakaan Sik | Pinjaman Kanak-kanak | 01/04/2009 | K 499.2386 USA | A01290086 | 09/05/2018 | Book | ||
| Perpustakaan Yan | Pinjaman Kanak-kanak | 18/06/2007 | K 499.2386 USA | A01180564 | 09/05/2018 | Book | ||
| Perpustakaan Yan | Pinjaman Kanak-kanak | 01/04/2009 | K 499.2386 USA | A01290081 | 09/05/2018 | Book |